00443 2200181 4500001002100000005001500021035002000036007000300056008004100059020002200100082001200122084001800134100000800152245002600160260003100186300002800217700001600245INLIS00000000000159320231121105038 a0010-1123000224ta231121 b 0 ind  a978-623-206-365-5 a2x0.01k a2x0.01k AAN j0 aAan1 aJazaakallaahu Khairan aSolo :bTiga Ananda,c2019 a32 :bilus. ;c25 cme-1 aWulandari U